| 000 | 00602nam a22001697a 4500 | ||
|---|---|---|---|
| 005 | 20251108164942.0 | ||
| 008 | 250721s1995 xx 000 0 ara d | ||
| 082 | 1 | 4 | _a657.02854/أحم |
| 100 | 1 | _aنور، أحمد | |
| 245 | 1 | 0 |
_aالمحاسبة بإستخدام الحاسب : _bمقدمة الحاسب - نظام التشغيل دوس ... / |
| 264 | 1 |
_aالإسكندريه : _bجامعة الإسكندريه - كلية التجارة - قسم المحاسبة، _c1995. |
|
| 300 | _a411ص | ||
| 650 | 1 | 7 | _aالمحاسبة |
| 650 | 1 | 7 | _aالحواسيب |
| 942 |
_2ddc _cBK |
||
| 999 |
_c18227 _d18227 |
||